| 000 | 00737cab a2200265 4500 | ||
|---|---|---|---|
| 001 | WB3309-61 | ||
| 008 | 090401t1997 xxu||||| |||| 00| 0 eng d | ||
| 035 | _a(Sirsi) u60058 | ||
| 041 | _aeng | ||
| 245 | _aAssessing traffic impacts | ||
| 260 | _c1997 | ||
| 350 | _a0 | ||
| 490 |
_aDepartment of Transport Press Notice _v(55) 25 February 1997, (2) |
||
| 520 | _aRevised guidance on assessing the impact of increased traffic on new road schemes. | ||
| 650 | _aECONOMIC APPRAISAL | ||
| 650 | _aELASTICITY MODELS | ||
| 650 | _aIMPACT | ||
| 650 | _aNEW ROADS | ||
| 650 | _aROAD SCHEMES | ||
| 650 | _aSACTRA | ||
| 650 | _aTRAFFIC CONGESTION | ||
| 690 | _aTRANSPORT AND COMMUNICATIONS | ||
| 942 | _n0 | ||
| 948 | _c04/03/1997 | ||
| 999 |
_c36983 _d36983 |
||